Digital signal processing

Đã lưu trong:
Sonraí Bibleagrafaíochta
Príomhúdar: Thomas J. Cavicchi
Formáid: Leabhar
Teanga:Undetermined
Foilsithe: New York John Wiley and Sons 2000
Ábhair:
Clibeanna: Cuir Clib Leis
Gan Chlibeanna, Bí ar an gcéad duine leis an taifead seo a chlibeáil!
Thư viện lưu trữ: Trung tâm Học liệu Trường Đại học Cần Thơ
LEADER 00493nam a2200181Ia 4500
001 CTU_56297
008 210402s9999 xx 000 0 und d
082 |a 621.3822 
082 |b C382 
100 |a Thomas J. Cavicchi 
245 0 |a Digital signal processing 
245 0 |c Thomas J. Cavicchi 
260 |a New York 
260 |b John Wiley and Sons 
260 |c 2000 
650 |a signal processing 
650 |x digital techniques 
980 |a Trung tâm Học liệu Trường Đại học Cần Thơ